Revista Co-herencia revista de humanidades

Detalles Bibliográficos
Autor Corporativo: Universidad EAFIT. Escuela de Ciencias y Humanidades
Formato: Desconocido
Lenguaje:inglés
Publicado: Medelln̕, Colombia : Universidad E A F I T, Escuela de Ciencias y Humanidades
Materias:
Acceso en línea:Acceso restringido

MARC

LEADER 00000ny a22000003n 4500
005 20110513111940.0
008 091215s cl 000 eng d
022 |a 1794-5887 
035 |a 4715 
040 |a UCA  |d vLex 
090 |c 1852  |d 1852 
245 0 0 |a Revista Co-herencia  |h [Recurso electrn̤ico]  |b revista de humanidades  
246 3 |a Coherencia. 
256 |a Servicio en ln̕ea. 
260 |a Medelln̕, Colombia :  |b Universidad E A F I T, Escuela de Ciencias y Humanidades 
310 |a Cuatrimestral 
500 |a Latest issue consulted: Vol. 4, no. 6 (enero-junio de 2007) 
500 |a Tt̕ulo de la cubierta 
506 1 |a Contenido solo disponible en los productos indicados  |d vLex Global  |d vLex Global (Academic Edition, excluding Law Schools)  |d vLex Global (U.S. Academic Edition, Law Schools)  |d vLex Global (U.S. Academic Edition, excluding Law Schools)  |d vLex Global (Academic Edition, Law Schools) 
538 |a Modo de acceso: World Wide Web 
546 |a In Spanish; abstracts in English and Spanish, 2006- 
550 |a Artc̕ulo por la the University's Departamento de Humanidades 
650 0 4 |a Humanidades  |x Publicaciones perid̤icas 
651 4 |a Colombia  |x Publicaciones perid̤icas 
710 2 |a Universidad EAFIT.  |b Escuela de Ciencias y Humanidades 
740 0 |a vLex Revista (Servicios en ln̕ea) 
843 |a Electrn̤ica. Abierta 
856 4 0 |z Acceso restringido  |u http://vlex.com/account/login_ip?fuente_id=4715  
942 |c REV 
999 0 0 |a Humanities  |v Periodicals. 
999 0 0 |a Colombia  |v Periodicals. 
999 0 0 |a Medelln̕ (Colombia)  |v Periodicals.